DLM-Forum 2002 Barcelona : show guide show guide
Descripción Física:
66 p. ; 25 cm
MARC
| LEADER | 00000nam a2200000Ia 4500 | ||
|---|---|---|---|
| 001 | 15198 | ||
| 003 | BGR | ||
| 005 | 20260324175358.0 | ||
| 008 | 160829s2002] xx 000 0 cat d | ||
| 080 | |a A-2-177 | ||
| 111 | |a DLM-Forum Electronic Records |9 70717 |c (Barcelona : |d 2022) | ||
| 245 | |a DLM-Forum 2002 Barcelona : |b show guide | ||
| 260 | |a [Barcelona : |b DLM - Forum Electronic Records, |c 2002] | ||
| 300 | |a 66 p. ; |c 25 cm | ||
| 590 | |a A la portada: DLM-FORUM Electronic Records : access and preservation of electronic information : best practice and solutions | ||
| 650 | |a DLM-Forum (2002, 6-8 May : Barcelona) |x Empreses comercials |9 30230 | ||
| 901 | |a Arxiu | ||
| 942 | |n 1 |2 udc |c MON | ||
| 952 | |0 0 |1 0 |4 0 |6 A2177 |7 1 |9 45339 |a Arxiu |b Arxiu |d 2016-12-01 |l 0 |o A-2-177 |p 15198 |r 2016-12-01 00:00:00 |w 2016-12-01 |y ARXIU | ||
| 999 | |c 48413 |d 48413 | ||